Performance Management /

Contenido: 1. Marco de la administración del desempeño: Importancia de la administración del desempeño; 2. Planeación del desempeño: Misión organizacional, estrategia y metas; El proceso y el desempeño del empleado; 3. Facilitación del desempeño: Premios y desempeño; Diseño de trabajos para reforzar...

詳細記述

保存先:
書誌詳細
第一著者: Das, Hari (autor)
フォーマット: 図書
言語:英語
出版事項: Toronto, Canadá : Prentice-Hall, 2003, c2003
シリーズ:(Prentice-Hall Human Resources Management)
主題:
タグ: タグ追加
タグなし, このレコードへの初めてのタグを付けませんか!

MARC

LEADER 00000nam^a2200000^a^4500
001 000182496
005 20250521000000.0
009 20260310102007.522
020 |a 0-13-041379-8 
037 |a Acervo ITESO - Biblioteca 
041 |a ING 
082 |a 658. 3125  |b DAS 
100 |a Das, Hari  |e (autor) 
245 1 0 |a Performance Management /  |c H. Das ; pról. de Andrew Templer. 
264 4 |a Toronto, Canadá :  |b Prentice-Hall,  |c 2003, c2003 
300 |a XXV, 310 p. 
336 |a texto  |b txt  |2 rdacontenido 
337 |a sin mediación  |b n  |2 rdamedio 
338 |a volumen  |b nc  |2 rdasoporte 
440 1 |a (Prentice-Hall Human Resources Management) 
520 |a Contenido: 1. Marco de la administración del desempeño: Importancia de la administración del desempeño; 2. Planeación del desempeño: Misión organizacional, estrategia y metas; El proceso y el desempeño del empleado; 3. Facilitación del desempeño: Premios y desempeño; Diseño de trabajos para reforzar el involucramiento del empleado; 5. Evaluación del desempeño: Evaluación del desempeño individual y grupal; 6. Mejoramiento del desempeño: Refuerzo en el entrenamiento y el desempeño; Consejería y disciplina; 7. Revisión y refuerzo del sistema de administración del desempeño: Revisión del proceso de administración del desempeño. 
649 |a XX 
650 |a Formación y Capacitación Laboral 
650 |a Premios al Mérito 
650 |a Supervisión Laboral 
650 |a Cultura Organizacional 
650 |a Evaluación del Desempeño 
650 |a Planeación Estratégica 
650 |a Recursos Humanos -  |x Dirección 
650 |a Administración 
650 |a Ciencias Administrativas 
910 |a Fondo General 
920 |a Impresos - Libros 
930 |a Colección General 
905 |a 101 
901 |a 0500122144  |b IT1  |c ACC  |u 20250521 
902 |a https://opac.biblio.iteso.mx/vufind/Record/000182496